000 00429nam a2200145Ia 4500
008 100204s9999 xx 000 0 und d
082 _b14221
100 _aभागवत विद्याधर
245 _aयोगी
260 _b"चिंतामणी साहित्य सहयोग , कुडाळ"
_c1990
300 _a224
630 _aयोगी
730 _aयोगी
942 _cBOOK
999 _c458652
_d458649